|
|
|
|
| LEADER |
00641nta a2200193 i 4500 |
| 001 |
dipl89633 |
| 005 |
20230428134148.0 |
| 008 |
201118s1999 hu om 0|| hun d |
| 040 |
|
|
|a SZTE Diploma Repozitórium
|b hun
|
| 041 |
|
|
|a hun
|
| 100 |
2 |
|
|a Vargáné Nagy Melinda
|
| 245 |
1 |
0 |
|a Kaskantyú község története
|h [elektronikus dokumentum] /
|c Melinda Vargáné Nagy
|
| 260 |
|
|
|c 1999
|
| 650 |
|
4 |
|a Pedagógusképzés
|
| 650 |
|
4 |
|a Humanities
|
| 650 |
|
4 |
|a History and archaeology
|
| 650 |
|
4 |
|a History
|
| 700 |
1 |
|
|a Kováts Zoltán
|e ths
|
| 856 |
4 |
0 |
|u https://diploma.bibl.u-szeged.hu/id/eprint/89633/1/1999_vargane_nagy_melinda.pdf
|z Dokumentum-elérés
|